| 000 | 00567cam a22001814a 4500 | ||
|---|---|---|---|
| 020 | _a0821364987 (pbk.) | ||
| 020 | _a9780821364987 | ||
| 040 | _cDLC | ||
| 082 | 0 | 0 | _a333 WOR 2006 A069 Or. |
| 245 | 0 | 0 |
_aReengaging in agricultural water management _bchallenges and options. |
| 260 |
_aWashington, DC : _bWorld Bank, _cc2006. |
||
| 300 |
_axix, 218 p. : _bill. ; _c23 cm. |
||
| 490 | 1 | _aDirections in development | |
| 650 | 0 | _aWater-supply, Agricultural | |
| 710 | 2 | _aWorld Bank. | |
| 856 | 4 | 0 | _uhttp://elibrary.worldbank.org/content/book/9780821364987 |
| 942 | _cEK | ||
| 999 |
_c14632 _d14632 |
||